| 000 | 00674cam a22002053a 4500 | ||
|---|---|---|---|
| 001 | 36327 | ||
| 003 | PGUSA | ||
| 005 | 20140828083803.0 | ||
| 008 | 110605s2011||||xxu|||||s|||||000 | eng d | ||
| 040 |
_aPGUSA _beng |
||
| 042 | _adc | ||
| 100 | 1 |
_aTaylor, John, _d1808-1887 |
|
| 245 | 1 | 3 |
_aAn Examination into and an Elucidation of the Great Principle of the Mediation and Atonement of Our Lord and Savior Jesus Christ _h[electronic resource] / _cJohn Taylor |
| 260 |
_bProject Gutenberg, _c2011 |
||
| 506 | _aPublic domain in the USA. | ||
| 516 | _aElectronic text | ||
| 830 | 0 |
_aProject Gutenberg _v36327 |
|
| 856 | 4 | 0 | _uhttp://www.gutenberg.org/ebooks/36327 |
| 942 | _cEB | ||
| 999 |
_c265582 _d265582 |
||